| 000 -LEADER |
| fixed length control field |
01450cam a22003738i 4500 |
| 001 - CONTROL NUMBER |
| control field |
20365698 |
| 003 - CONTROL NUMBER IDENTIFIER |
| control field |
NUST |
| 005 - DATE AND TIME OF LATEST TRANSACTION |
| control field |
20220318143359.0 |
| 008 - FIXED-LENGTH DATA ELEMENTS--GENERAL INFORMATION |
| fixed length control field |
180222s2018 nju 001 0 eng |
| 010 ## - LIBRARY OF CONGRESS CONTROL NUMBER |
| LC control number |
2018008701 |
| 020 ## - INTERNATIONAL STANDARD BOOK NUMBER |
| International Standard Book Number |
9781119467618 (pbk. : acidfree paper) |
| 038 ## - RECORD CONTENT LICENSOR |
| Staff Name |
SAIF |
| 040 ## - CATALOGING SOURCE |
| Original cataloging agency |
DLC |
| Language of cataloging |
eng |
| Description conventions |
rda |
| Transcribing agency |
DLC |
| 042 ## - AUTHENTICATION CODE |
| Authentication code |
pcc |
| 050 00 - LIBRARY OF CONGRESS CALL NUMBER |
| Classification number |
TH4817 |
| Item number |
.W56 2018 |
| 082 00 - DEWEY DECIMAL CLASSIFICATION NUMBER |
| Classification number |
643.7 |
| Edition number |
23 |
| Author Mark |
WIN |
| 100 1# - MAIN ENTRY--PERSONAL NAME |
| Personal name |
Wing, Charles, |
| Dates associated with a name |
1939- |
| Relator term |
author. |
| 9 (RLIN) |
90671 |
| 245 10 - TITLE STATEMENT |
| Title |
How your house works : |
| Remainder of title |
a visual guide to understanding and maintaining your home / |
| Statement of responsibility, etc. |
Charlie Wing. |
| 250 ## - EDITION STATEMENT |
| Edition statement |
Expanded and updated third edition. |
| 263 ## - PROJECTED PUBLICATION DATE |
| Projected publication date |
1808 |
| 264 #1 - PRODUCTION, PUBLICATION, DISTRIBUTION, MANUFACTURE, AND COPYRIGHT NOTICE |
| Place of production, publication, distribution, manufacture |
Hoboken, New Jersey : |
| Name of producer, publisher, distributor, manufacturer |
Wiley, |
| Date of production, publication, distribution, manufacture, or copyright notice |
[2018] |
| 300 ## - PHYSICAL DESCRIPTION |
| Extent |
pages cm |
| 336 ## - CONTENT TYPE |
| Content type term |
text |
| Content type code |
txt |
| Source |
rdacontent |
| 337 ## - MEDIA TYPE |
| Media type term |
unmediated |
| Media type code |
n |
| Source |
rdamedia |
| 338 ## - CARRIER TYPE |
| Carrier type term |
volume |
| Carrier type code |
nc |
| Source |
rdacarrier |
| 500 ## - GENERAL NOTE |
| General note |
Includes index. |
| 563 ## - BINDING INFORMATION |
| Binding note |
H.B |
| 650 #0 - SUBJECT ADDED ENTRY--TOPICAL TERM |
| Topical term or geographic name entry element |
Dwellings |
| General subdivision |
Maintenance and repair. |
| 9 (RLIN) |
44504 |
| 650 #0 - SUBJECT ADDED ENTRY--TOPICAL TERM |
| Topical term or geographic name entry element |
Buildings |
| General subdivision |
Mechanical equipment. |
| 776 08 - ADDITIONAL PHYSICAL FORM ENTRY |
| Relationship information |
Online version: |
| Main entry heading |
Wing, Charles, 1939- author. |
| Title |
How your house works |
| Edition |
Expanded and updated third edition. |
| Place, publisher, and date of publication |
Hoboken, New Jersey : Wiley, [2018] |
| International Standard Book Number |
9781119473480 |
| Record control number |
(DLC) 2018012069 |
| 906 ## - LOCAL DATA ELEMENT F, LDF (RLIN) |
| a |
7 |
| b |
cbc |
| c |
orignew |
| d |
1 |
| e |
ecip |
| f |
20 |
| g |
y-gencatlg |
| 942 ## - ADDED ENTRY ELEMENTS (KOHA) |
| Source of classification or shelving scheme |
|
| Koha item type |
Book |